01642nam a22002777a 4500003000400000005001700004008004100021020001800062040001400080041000800094082001300102100002800115245003300143264004400176300003900220521065800259650002400917650003100941650001000972700002100982700002701003942001501030999001701045952014501062952015701207OSt20250512211724.0250512b ||||| |||| 00| 0 spa d a9786287539655 cCO-Mq BPB aspa aANbHELn aHellinger, Magdaeautor alos Nazis Sabían Mi Nombre aBogotá;bPenguin Random House, c2024 a276 páginasbTapa rusticac23 cm aMarzo de 1942, una joven maestra de jardín de niños llamada Magda Hellinger, procedente de Eslovaquia, fue deportada al campo de concentración de Auschwitz junto con casi mil mujeres más, en el que sería uno de los primeros arribos de mujeres judías al terrible campo nazi y, además, fue una de las prisioneras seleccionadas para hacerse cargo del infame Bloque 10, en el que personal médico alemán experimentaba con los reclusos. En estas memorias, ella relata cómo caminó al filo de la navaja durante varios años: salvar la mayor cantidad de vidas mientras evitaba las sospechas de las SS y corría el riesgo de ser ejecutada. aNovela histórica  aHistoria de supervivencia  aLucha aLee, Mayaeautor aBrewster, Davideautor 2ddccBKLIT c15953d15953 00102ddc40708LAaBPMOSbBPMOScFICd2025-05-12eCompra 2024iNTl0oAN HELnpMOS504437r2025-05-12tEj.1w2025-05-12yBKLITzQuince dias 00102ddc40708LAaBPMOSbBPMOScFICd2025-05-12eCompra 2024iNTl2oAN HELnpMOS504438r2025-07-24s2025-07-18tEj.2w2025-05-12yBKLITzQuince dias